[Event "EUR-ch Seniors 50"]
[Site "Prague"]
[Date "2021.09.03"]
[Round "5.4"]
[White "Motuz, Karol"]
[Black "Vydra, Jaroslav"]
[Result "1-0"]
[WhiteElo "2323"]
[BlackElo "1568"]
[PlyCount "49"]
[EventDate "2021.08.30"]
[EventType "team-tourn"]
[EventRounds "9"]
[EventCountry "CZE"]
[SourceTitle "CBM 204 Extra"]
[Source "ChessBase"]
[SourceDate "2021.11.30"]
[SourceVersion "1"]
[SourceVersionDate "2021.11.30"]
[SourceQuality "1"]
[WhiteTeam "Slovakia 50"]
[BlackTeam "Litomerice Slavoj 50"]
[WhiteTeamCountry "SVK"]
[BlackTeamCountry "CZE"]

1. d4 d5 2. c4 c6 3. Nf3 Nf6 4. Nc3 e6 5. Bg5 Be7 6. e3 Nbd7 7. Qc2 b6 8. Bd3 Bb7 9. 0-0 0-0 10. Rad1 h6 11. Bh4 Re8 12. a3 dxc4 13. Bxc4 b5 14. Ba2 Qb6 15. Ne5 Nxe5 16. dxe5 Nd5 17. Bxe7 Nxe7 18. Ne4 Red8 19. Nc5 a5 20. Rd6 Nf5 21. Rxd8+ Rxd8 22. Nxe6 Nxe3 23. fxe3 Qxe3+ 24. Kh1 fxe6 25. Bb1 1-0